000 006160000a22001930004500
090 _aAR
_b03843
245 1 0 _aManagerial dilemmas
_spolitical leadership in hierarchies
300 _ap. 324-348
500 _a<Colección Recursos Genéticos>
650 1 4 _aTeoría económica
_959092
650 1 4 _aCooperativismo
_918005
650 1 4 _aComportamiento económico
_995946
041 0 _aInglés
044 _aEstados Unidos
100 1 _aMiller, Gary J.
_997661
260 _aChicago
_bUniversity of Chicago Press
_c1990
942 _cARTICULO
773 1 _tIn Cook, Karen and Levi, Margaret eds.,/ Limits of rationality
999 _c12878
_d12878